| 000 | 01152nam a22002657a 4500 | ||
|---|---|---|---|
| 005 | 20170124102951.0 | ||
| 010 | _aB-137956 | ||
| 020 |
_c125.00 _a8181433068 |
||
| 035 | _aB-137956 | ||
| 037 | _bCen Lib/Ret | ||
| 040 |
_aDPL _bHN |
||
| 082 |
_a821 _bतसली |
||
| 100 |
_aतसलीमा नसरीन _951694 |
||
| 245 |
_aकुछ पल साथ रहो... _cतसलीमा नसरीन; अनुवादक सुशीला गुप्ता |
||
| 246 |
_aKuchh pal saath raho... _bby Tasleema Nasreen; anuvadak Sushila Gupta |
||
| 260 |
_aनई दिल्ली _bवाणी प्रकाशन _c2005 |
||
| 270 |
_a21-ए, दरियागंज _bनई दिल्ली _e110002 |
||
| 300 |
_a115पृ. _c21सेमी(सजिल्द) |
||
| 650 |
_aहिंदी साहित्य _951695 |
||
| 650 |
_aहिंदी साहित्य -- कविता _951696 |
||
| 650 |
_aHindi literature _951697 |
||
| 650 |
_aHindi literature -- Poetry _951698 |
||
| 700 |
_aगुप्ता, सुशीला _951699 |
||
| 942 |
_2ddc _cHN _h821 _mतसली |
||
| 999 |
_c113320 _d113320 |
||